| 000 | 00951nam a22002297a 4500 | ||
|---|---|---|---|
| 999 |
_c22546 _d22546 |
||
| 003 | AR-CdUCM | ||
| 008 | 190423b ||||| |||| 00| 0 spa d | ||
| 020 | _a9786120056516 | ||
| 040 |
_aMUNICIPALIDAD PROVINCIAL DEL CUSCO _cBIBLIOTECA MUNICIPAL DEL CUSCO |
||
| 082 |
_aES/398.2098574/M4 _bM4 |
||
| 245 |
_aMisteriosos relatos de Madre de Dios / _c[compilador], Víctor H. Velásquez Zea |
||
| 260 |
_aMadre de Dios : _aLima : _b[editor no identificado], _bPrint Express, _c2020. |
||
| 300 |
_a150 páginas. : _bilustraciones ; _c21 cm. |
||
| 500 | _a"Madre de Dios, capital de la biodiversidad del Perú. Increíbles historias de duendes, sirenas, fantasmas, monstruos y animales en Madre de Dios" | ||
| 650 |
_aCuentos folclóricos peruanos _95451 |
||
| 650 |
_aLeyendas _92226 |
||
| 650 |
_aTradición oral _92031 |
||
| 650 |
_aMadre de Dios _91067 |
||
| 700 |
_aVelásquez Zea, Víctor _ecompilador _948473 |
||
| 942 |
_2ddc _cLIBROS |
||
| 945 | _arac | ||